| 000 | 00598nam a22002177a 4500 | ||
|---|---|---|---|
| 003 | LC | ||
| 005 | 20160229100610.0 | ||
| 008 | 121115t xxu||||| |||| 00| 0 eng d | ||
| 020 | _a000647313X | ||
| 050 |
_aPR 6070.R367 _b.T794 1993 |
||
| 082 |
_aFIC _bT72t 1992 |
||
| 100 |
_aTrenhaile, John _917920 |
||
| 245 |
_aThe tiger of desire / _cJohn Trenhaile |
||
| 260 |
_aLondon : _bharper Collins Publishers, _cc1993. |
||
| 300 |
_a446 p. : _c18 cm. |
||
| 650 |
_a Fiction. _9746 |
||
| 650 | _aGreat Britain -- Fiction. | ||
| 650 | _aSpy stories -- Fiction. | ||
| 942 |
_2lcc _cBK |
||
| 999 |
_c11018 _d11018 |
||